Cenové zprávy státního úřadu statistického Republiky ČSL

Na minha lista:
Detalhes bibliográficos
Formato: Periódico
Idioma:tcheco
Publicado em: Praha Státní úřad statistický 1928
Tags: Adicionar Tag
Sem tags, seja o primeiro a adicionar uma tag!

MARC

LEADER 00000nas2a2200000$$$4500
001 0009229
005 20250730114238.8
041 0 |a cze 
044 |a CZ 
245 1 0 |a Cenové zprávy státního úřadu statistického Republiky ČSL 
264 1 |a Praha  |b Státní úřad statistický  |c 1928 
300 |a 1 zv. 
773 0 |w eu_un_cat*0009211